Dynamics of brain edema proceedings of the third International Workshop on Dynamic Aspects of Cerebral Edema, Montreal, Canada, June 25-29, 1976 (Registro nro. 64699)
[ vista simple ]
| 000 -ENCABEZADO | |
|---|---|
| Número de control [NR] | 01028nam a2200241Ia 4500 |
| 008 - DE LONGITUD FIJA DE DATOS DE ELEMENTOS - INFORMACIÓN GENERAL | |
| Elementos de longitud fija [NR] | 130821s1976 xxu gr eng |
| 020 ## - NUMERO INTERNACIONAL NORMALIZADO PARA LIBROS [R] | |
| Número Internacional Normalizado del libro [NR] | 3540080090 |
| 020 ## - NUMERO INTERNACIONAL NORMALIZADO PARA LIBROS [R] | |
| Número Internacional Normalizado del libro [NR] | 387080090 |
| 040 ## - FUENTE DE CATALOGACION [NR] | |
| Agencia de catalogación original [NR] | Co-BoUCM |
| Idioma de catalogación [NR] | spa |
| 041 00 - CODIGO DE IDIOMA [R] | |
| Código de idioma para texto/pista de sonido o título separado [R] | Inglés |
| 092 ## - SIGNATURA TOPOGRAFICA LOCAL | |
| Número de clasificación local | FMR 0123 |
| 111 2# - ASIENTO PRINCIPAL--NOMBRE DE REUNION [NR] | |
| Nombre de reunión o de jurisdicción como elemento de entrada [NR] | International Workshop on Dynamic Aspects of Cerebral Edema |
| Número de la parte/sección de una obra [R] | (3d :1976 Jun 25-29, 1976 |
| Lugar de la reunión [NR] | Montréal, Québec) |
| 9 (RLIN) | 166154 |
| 245 10 - MENCION DE TITULO [NR] | |
| Título [NR] | Dynamics of brain edema proceedings of the third International Workshop on Dynamic Aspects of Cerebral Edema, Montreal, Canada, June 25-29, 1976 |
| Mención de responsabilidad, etc. [NR] | editado por Hanna M. Pappius, William Feindel |
| 260 ## - PUBLICACION, DISTRIBUCION, ETC. (PIE DE IMPRENTA) [R] | |
| Lugar de publicación, distribución, etc. [R] | Nueva York (Estados Unidos) |
| Nombre del editor, distribuidor, etc. [R] | Springer-Verlag |
| Fecha de publicación, distribución, etc. [R] | 1976 |
| 300 ## - DESCRIPCION FISICA [R] | |
| Extensión [R] | xiv, 404 páginas |
| 500 ## - NOTA GENERAL [R] | |
| Nota general [NR] | Libro disponible en 48 horas a partir de la solicitud. |
| 504 ## - NOTA DE BIBLIOGRAFIA, ETC. [R] | |
| Nota de bibliografía, etc. [NR] | |
| 650 04 - ASIENTO SECUNDARIO DE MATERIA - TERMINO TEMATICO [R] | |
| Término temático o nombre geográfico como elemento de entrada [NR] | Edema cerebral |
| Subdivisión de forma [R] | Congresos, conferencias, etc. |
| 9 (RLIN) | 13761 |
| 650 04 - ASIENTO SECUNDARIO DE MATERIA - TERMINO TEMATICO [R] | |
| Término temático o nombre geográfico como elemento de entrada [NR] | Neurología |
| 9 (RLIN) | 20299 |
| 700 1# - ASIENTO SECUNDARIO - NOMBRE PERSONAL [R] | |
| Nombre personal [NR] | Feindel, William |
| 9 (RLIN) | 166155 |
| 700 1# - ASIENTO SECUNDARIO - NOMBRE PERSONAL [R] | |
| Nombre personal [NR] | Pappius, Hanna M. |
| 9 (RLIN) | 166156 |
| 942 ## - ELEMENTOS DE ENTRADA AGREGADOS (KOHA) | |
| Tipo de ítem principal el descrito en 300a | Libro |
| Tema principal | Medicina |
| Edición | 1 |
| Título oculto en OPAC | No |
| Fecha de último préstamo | Signatura topográfica | Código de barras | Última vez visto | Volúmen / Fascículo | Ejemplar | Price effective from | Tipo de ítem | Nota pública (OPAC) | Perdido | Sistema de clasificación | Dañado | No prestable | Tipo de ítem específico | Suprimido | Ubicación habitual | Ubicación actual | Localización | Fecha de creación | Forma de adquisición | Costo |
|---|---|---|---|---|---|---|---|---|---|---|---|---|---|---|---|---|---|---|---|---|
| 04/03/2010 | ~ | 100103286 | 04/12/2025 | FMR 0123 | Ej.1 | 03/02/2013 | Libro | Galería de donantes | LOCAL | Libro | Claustro | Claustro | Procesos Técnicos | 30/09/2010 | Donación | 26000.00 |